000 00719nam0a22002411 4500
001 rc\653716
005 20250621200738.0
035 _a(NLR Aleph) 005893545
090 _a6202642
_c6202642
100 _a20031121d1986 |||y0rusy50 ca
101 0 _arus
102 _aRU
105 _aa |||||||||
200 1 _aРассказы по истории Казахской ССР
_eПособие для 4-го кл.
205 _a21-е изд.
210 _aАлма-Ата
_cМектеп
_d1986
215 _a109, [2] с.
_cил.
_d22
700 1 _aТурлугулов
_bТ.Т.
_gТотай Тажиевич
801 0 _aRU
_bNLR
_gpsbo
801 1 _aRU
_bELAR
_2rusmarc
852 _aNLR
_j86-5/3658
942 _cBOOK
980 _aNB